[Event "Sao Paulo ECP Etapa Sigismund Gansl"]
[Site "Sao Paulo"]
[Date "2018.05.20"]
[Round "6.16"]
[White "Pessoa Sob, Caetano Estelita C"]
[Black "Haraguchi, Diego Sashaki"]
[Result "0-1"]
[WhiteElo "1170"]
[BlackElo "1302"]
[PlyCount "116"]
[EventDate "2018.05.18"]
[EventType "swiss"]
[EventRounds "6"]
[EventCountry "BRA"]
[SourceTitle "EXT 2022"]
[Source "ChessBase"]
[SourceDate "2021.10.06"]
[SourceVersion "1"]
[SourceVersionDate "2021.10.06"]
[SourceQuality "1"]

1. d4 Nf6 2. c4 e6 3. Nf3 d5 4. Bg5 Nbd7 5. e3 Be7 6. Nc3 0-0 7. Bd3 c5 8. 0-0 h6 9. Bh4 Nb6 10. b3 Nfd7 11. Bxe7 Qxe7 12. Re1 Nf6 13. e4 Qc7 14. e5 Ne8 15. Nb5 Qc6 16. a4 a6 17. Nc3 Nc7 18. a5 Nd7 19. Na4 b6 20. Nxb6 Nxb6 21. axb6 Qxb6 22. Bc2 cxd4 23. Qxd4 Qxd4 24. Nxd4 Bb7 25. c5 Rac8 26. b4 Rb8 27. Reb1 Bc8 28. Nc6 Rb7 29. Ne7+ Kh8 30. Nxc8 Rxc8 31. Bd3 Ra8 32. b5 axb5 33. Rxa8+ Nxa8 34. Rxb5 Rxb5 35. Bxb5 Nc7 36. Bd7 Kg8 37. f4 f6 38. Kf2 Kf7 39. g4 Kg6 40. h4 fxe5 41. f5+ exf5 42. Bxf5+ Kf6 43. h5 Kg5 44. c6 Kf4 45. Ke2 e4 46. Bd7 d4 47. Bf5 Ke5 48. Kd2 Ne6 49. Ke2 Nc7 50. Bd7 Kd6 51. Kf2 Kd5 52. Bf5 e3+ 53. Ke2 Kxc6 54. Kd3 Kc5 55. Be4 Ne8 56. Bb7 Nf6 57. Bf3 Nd5 58. Be2 Nf4+ 0-1

[Event "Sao Paulo ECP Etapa Sigismund Gansl"]
[Site "Sao Paulo"]
[Date "2018.05.19"]
[Round "4.17"]
[White "Costa, Iaggo Bernini"]
[Black "Pessoa Sob, Caetano Estelita C"]
[Result "1-0"]
[WhiteElo "1471"]
[BlackElo "1170"]
[PlyCount "79"]
[EventDate "2018.05.18"]
[EventType "swiss"]
[EventRounds "6"]
[EventCountry "BRA"]
[SourceTitle "EXT 2022"]
[Source "ChessBase"]
[SourceDate "2021.10.06"]
[SourceVersion "1"]
[SourceVersionDate "2021.10.06"]
[SourceQuality "1"]

1. e4 c5 2. Nf3 d6 3. d4 cxd4 4. Nxd4 Nf6 5. f3 a6 6. c4 e5 7. Nc2 Be7 8. Be2 0-0 9. Be3 Bd7 10. Nc3 Qc8 11. 0-0 h6 12. Nb4 a5 13. Nbd5 Nxd5 14. Nxd5 Bd8 15. Qd2 Kh7 16. Nb6 Bxb6 17. Bxb6 Ra6 18. Qxd6 Re8 19. c5 Re6 20. Qd2 Raxb6 21. cxb6 Qc5+ 22. Kh1 Qd4 23. Qxd4 exd4 24. Rfd1 Rxb6 25. b3 Nc6 26. Bc4 Ne5 27. Rxd4 Bb5 28. Bxb5 Rxb5 29. Rd5 Rxd5 30. exd5 g5 31. Re1 Ng6 32. d6 Nf8 33. Re7 Kg7 34. Rxb7 Kf6 35. Ra7 Ke6 36. Rxa5 Kxd6 37. Ra6+ Kc5 38. Rxh6 Ne6 39. h4 Kb4 40. Rxe6 1-0

[Event "Sao Paulo ECP Etapa Sigismund Gansl"]
[Site "Sao Paulo"]
[Date "2018.05.19"]
[Round "3.17"]
[White "Pessoa Sob, Caetano Estelita C"]
[Black "De Martino, Murilo Rocha Laragn"]
[Result "0-1"]
[WhiteElo "1170"]
[BlackElo "1302"]
[PlyCount "50"]
[EventDate "2018.05.18"]
[EventType "swiss"]
[EventRounds "6"]
[EventCountry "BRA"]
[SourceTitle "EXT 2022"]
[Source "ChessBase"]
[SourceDate "2021.10.06"]
[SourceVersion "1"]
[SourceVersionDate "2021.10.06"]
[SourceQuality "1"]

1. d4 Nf6 2. c4 g6 3. Nc3 Bg7 4. e4 d6 5. f3 0-0 6. Nge2 e5 7. d5 Ne8 8. Be3 f5 9. Bf2 Nd7 10. h4 fxe4 11. Nxe4 Nef6 12. N2g3 Nxe4 13. Nxe4 Nf6 14. Ng3 h5 15. Bd3 Qe8 16. Qc2 Kh7 17. 0-0-0 Ng8 18. Nxh5 Bf5 19. Nxg7 Kxg7 20. g4 Bxd3 21. Rxd3 e4 22. Re3 Rxf3 23. Rxe4 Qf7 24. Bd4+ Kf8 25. Qd3 Rxd3 0-1

[Event "Sao Paulo ECP Etapa Sigismund Gansl"]
[Site "Sao Paulo"]
[Date "2018.05.18"]
[Round "2.15"]
[White "Dias, Marcelo de Souza"]
[Black "Pessoa Sob, Caetano Estelita C"]
[Result "1-0"]
[WhiteElo "1876"]
[BlackElo "1170"]
[PlyCount "47"]
[EventDate "2018.05.18"]
[EventType "swiss"]
[EventRounds "6"]
[EventCountry "BRA"]
[SourceTitle "EXT 2022"]
[Source "ChessBase"]
[SourceDate "2021.10.06"]
[SourceVersion "1"]
[SourceVersionDate "2021.10.06"]
[SourceQuality "1"]

1. e4 c5 2. Nf3 d6 3. d4 cxd4 4. Nxd4 Nf6 5. f3 a6 6. c4 Nc6 7. Nc3 g6 8. Be3 Bd7 9. Qd2 Bg7 10. Be2 0-0 11. g4 Nxd4 12. Bxd4 Rc8 13. h4 e5 14. Be3 Bc6 15. h5 Bh8 16. hxg6 fxg6 17. 0-0-0 b5 18. Qxd6 Qxd6 19. Rxd6 Ne8 20. Rxc6 Rxc6 21. cxb5 axb5 22. Bxb5 Rcf6 23. Bc4+ Kg7 24. Bh6# 1-0

[Event "Sao Paulo ECP Etapa Sigismund Gansl"]
[Site "Sao Paulo"]
[Date "2018.05.18"]
[Round "1.9"]
[White "Pessoa Sob, Caetano Estelita C"]
[Black "Vianna, Alessandro Ayres"]
[Result "0-1"]
[WhiteElo "1170"]
[BlackElo "1596"]
[PlyCount "64"]
[EventDate "2018.05.18"]
[EventType "swiss"]
[EventRounds "6"]
[EventCountry "BRA"]
[SourceTitle "EXT 2022"]
[Source "ChessBase"]
[SourceDate "2021.10.06"]
[SourceVersion "1"]
[SourceVersionDate "2021.10.06"]
[SourceQuality "1"]

1. d4 Nf6 2. c4 c5 3. d5 b5 4. cxb5 a6 5. Nc3 Bb7 6. e4 e6 7. Bg5 d6 8. Bd3 exd5 9. exd5 Be7 10. Qe2 0-0 11. Nf3 axb5 12. 0-0 b4 13. Ne4 Bxd5 14. Nxf6+ Bxf6 15. Bxh7+ Kh8 16. Bxf6 Qxf6 17. Bd3 Rxa2 18. Rxa2 Bxa2 19. Ne1 g6 20. f4 Qd4+ 21. Kh1 f5 22. Qe7 Qf6 23. Qxf6+ Rxf6 24. Nf3 Nc6 25. h4 Re6 26. h5 c4 27. Ng5 Re7 28. hxg6 cxd3 29. Rf3 d2 30. Rh3+ Kg8 31. g7 d1Q+ 32. Kh2 Rxg7 0-1

[Event "Sao Paulo Karman Cup 13th"]
[Site "Sao Paulo"]
[Date "2017.11.26"]
[Round "5"]
[White "Pessoa Sob, Caetano Estelita C"]
[Black "Ferreira, Caio Tulio Moreira"]
[Result "0-1"]
[WhiteElo "1171"]
[BlackElo "1538"]
[PlyCount "88"]
[EventDate "2017.11.24"]
[EventType "swiss"]
[EventRounds "6"]
[EventCountry "BRA"]
[SourceTitle "CBM 181 Extra"]
[Source "ChessBase"]
[SourceDate "2017.12.12"]
[SourceVersion "1"]
[SourceVersionDate "2017.12.12"]
[SourceQuality "1"]

1. d4 Nf6 2. c4 c5 3. d5 b5 4. e3 bxc4 5. Nc3 g6 6. Bxc4 Bg7 7. Qc2 0-0 8. Nf3 Ba6 9. b3 d6 10. 0-0 Bb7 11. Bb2 Nbd7 12. Rfd1 Nb6 13. Qd3 Nxc4 14. bxc4 Ba6 15. Ne4 Nxe4 16. Bxg7 Nxf2 17. Kxf2 Kxg7 18. Qc3+ Kg8 19. Rab1 Rb8 20. Rb3 Qc7 21. Rdb1 Rxb3 22. Rxb3 Rb8 23. Rxb8+ Qxb8 24. Nd2 Bc8 25. Qb3 Qxb3 26. axb3 Bf5 27. e4 Bd7 28. h3 e6 29. g4 f5 30. g5 e5 31. h4 f4 32. Kf3 a5 33. Nb1 a4 34. bxa4 Bxa4 35. Nc3 Bb3 36. Nb5 Bxc4 37. Nxd6 Ba6 38. Ne8 Kf7 39. Nf6 Bb5 40. Ng4 c4 41. Nxe5+ Ke7 42. Kxf4 c3 43. Nc6+ Bxc6 44. dxc6 c2 0-1

[Event "Sao Paulo Karman Cup 13th"]
[Site "Sao Paulo"]
[Date "2017.11.25"]
[Round "3"]
[White "De Santana, Gabriel Mascarenhas"]
[Black "Pessoa Sob, Caetano Estelita C"]
[Result "1-0"]
[WhiteElo "1499"]
[BlackElo "1171"]
[PlyCount "87"]
[EventDate "2017.11.24"]
[EventType "swiss"]
[EventRounds "6"]
[EventCountry "BRA"]
[SourceTitle "CBM 181 Extra"]
[Source "ChessBase"]
[SourceDate "2017.12.12"]
[SourceVersion "1"]
[SourceVersionDate "2017.12.12"]
[SourceQuality "1"]

1. d4 Nf6 2. c4 e6 3. Nf3 Bb4+ 4. Bd2 Bxd2+ 5. Nbxd2 0-0 6. Qc2 d5 7. e3 Nbd7 8. Bd3 g6 9. 0-0 b6 10. e4 dxc4 11. Qxc4 Bb7 12. Rac1 c5 13. e5 Nd5 14. a3 Rc8 15. Ne4 cxd4 16. Qxd4 Rxc1 17. Rxc1 Ne7 18. Nd6 Bxf3 19. gxf3 Nd5 20. Rc8 Qg5+ 21. Qg4 Qxg4+ 22. fxg4 Rxc8 23. Nxc8 Nxe5 24. Be2 a5 25. Kf1 Nc6 26. Bb5 Nde7 27. Nxb6 Nd4 28. a4 f5 29. gxf5 Nexf5 30. Nc4 Nc2 31. Nxa5 Kf8 32. Nb7 Nfd4 33. Bc4 Ke7 34. a5 Nc6 35. a6 Na7 36. Ke2 Nd4+ 37. Kd3 e5 38. b4 g5 39. Ke4 Kf6 40. Nd6 g4 41. b5 Nf3 42. b6 Nd2+ 43. Ke3 Nxc4+ 44. Nxc4 1-0

[Event "Sao Paulo Karman Cup 13th"]
[Site "Sao Paulo"]
[Date "2017.11.24"]
[Round "1"]
[White "Machado, Antonio Rodrigo"]
[Black "Pessoa Sob, Caetano Estelita C"]
[Result "1-0"]
[WhiteElo "1656"]
[BlackElo "1171"]
[PlyCount "98"]
[EventDate "2017.11.24"]
[EventType "swiss"]
[EventRounds "6"]
[EventCountry "BRA"]
[SourceTitle "CBM 181 Extra"]
[Source "ChessBase"]
[SourceDate "2017.12.12"]
[SourceVersion "1"]
[SourceVersionDate "2017.12.12"]
[SourceQuality "1"]

1. e4 c5 2. Nf3 d6 3. d4 cxd4 4. Nxd4 Nf6 5. Nc3 a6 6. f3 e6 7. Nb3 Bd7 8. Bf4 Qc7 9. Qd2 b5 10. 0-0-0 e5 11. Bg5 Be7 12. Bxf6 gxf6 13. Kb1 Be6 14. g4 Nc6 15. Bxb5 Bxb3 16. Bxc6+ Qxc6 17. axb3 Rc8 18. h4 h5 19. g5 f5 20. Nd5 f4 21. Rh2 Bd8 22. Qb4 a5 23. Qa4 Rg8 24. Rhd2 Qxa4 25. bxa4 Rg6 26. b3 f6 27. Nxf6+ Bxf6 28. gxf6 Rxf6 29. Rxd6 Rc6 30. R6d5 Rc3 31. Rxe5+ Kf7 32. Rd3 Rfc6 33. Rxc3 Rxc3 34. Rf5+ Ke6 35. Rxf4 Re3 36. Rf5 Re1+ 37. Kb2 Re2 38. Rxh5 Rh2 39. Rxa5 Rxh4 40. Rf5 Rh2 41. a5 Rh7 42. b4 Rd7 43. c4 Rd3 44. a6 Rd4 45. Kc3 Rd1 46. b5 Rc1+ 47. Kb4 Rb1+ 48. Kc5 Rc1 49. b6 Ra1 1-0

[Event "Sao Paulo Karman Cup 13th"]
[Site "Sao Paulo"]
[Date "2017.11.24"]
[Round "2"]
[White "Pessoa Sob, Caetano Estelita C"]
[Black "Zmetek, Marcos Simao"]
[Result "0-1"]
[WhiteElo "1171"]
[BlackElo "1376"]
[PlyCount "130"]
[EventDate "2017.11.24"]
[EventType "swiss"]
[EventRounds "6"]
[EventCountry "BRA"]
[SourceTitle "CBM 181 Extra"]
[Source "ChessBase"]
[SourceDate "2017.12.12"]
[SourceVersion "1"]
[SourceVersionDate "2017.12.12"]
[SourceQuality "1"]

1. d4 d5 2. c4 dxc4 3. e3 e5 4. Bxc4 exd4 5. Qb3 Qe7 6. Nf3 dxe3 7. Qxe3 Qxe3+ 8. Bxe3 Bb4+ 9. Bd2 Nc6 10. 0-0 Bxd2 11. Nbxd2 Nge7 12. Rfe1 0-0 13. a3 Bd7 14. b4 a6 15. Ne5 Nxe5 16. Rxe5 Nc6 17. Re3 Rfe8 18. Rae1 Rxe3 19. Rxe3 Re8 20. Rxe8+ Bxe8 21. Bd5 Kf8 22. Nf3 f6 23. h3 Ke7 24. b5 axb5 25. Be4 h6 26. Nh4 Bd7 27. Bxc6 bxc6 28. Ng6+ Kd6 29. g4 c5 30. Kf1 b4 31. axb4 cxb4 32. Nf4 c5 33. Ke1 c4 34. Kd2 Kc5 35. Ne2 c3+ 36. Nxc3 bxc3+ 37. Kxc3 Kd5 38. Kd3 Ke5 39. Ke3 Bc6 40. f4+ Ke6 41. h4 f5 42. g5 h5 43. Kd4 Kd6 44. Kc4 Bd5+ 45. Kd4 Ke6 46. Kc5 Be4 47. Kc4 Bc2 48. Kc5 Ba4 49. Kc4 Bb3+ 50. Kc5 Kd7 51. Kd4 Kc6 52. Kc3 Kd5 53. Kxb3 Kd4 54. g6 Ke4 55. Kc4 Kxf4 56. Kd5 Kg4 57. Ke6 f4 58. Kf7 f3 59. Kxg7 f2 60. Kh7 f1Q 61. g7 Qf7 62. Kh8 Qxg7+ 63. Kxg7 Kxh4 64. Kf6 Kg3 65. Kf5 h4 0-1

[Event "Sao Paulo Schutt Cup 10th"]
[Site "Sao Paulo"]
[Date "2016.10.29"]
[Round "4"]
[White "Pessoa Sob, Caetano Estelita C"]
[Black "Costa, Iaggo Bernini"]
[Result "0-1"]
[WhiteElo "1201"]
[BlackElo "1401"]
[PlyCount "126"]
[EventDate "2016.10.28"]
[EventType "swiss"]
[EventRounds "6"]
[EventCountry "BRA"]
[SourceTitle "CBM 175 Extra"]
[Source "ChessBase"]
[SourceDate "2016.12.12"]
[SourceVersion "1"]
[SourceVersionDate "2016.12.12"]
[SourceQuality "1"]

1. d4 Nf6 2. c4 g6 3. Nc3 Bg7 4. e4 d6 5. f3 0-0 6. Be3 Re8 7. Nge2 Nbd7 8. Ng3 e5 9. d5 a6 10. Qd2 Rb8 11. Be2 Nc5 12. b4 Ncd7 13. 0-0 Ra8 14. f4 exf4 15. Bxf4 Ne5 16. h3 c6 17. Be3 cxd5 18. Nxd5 Nxd5 19. cxd5 Nd7 20. Rac1 Nf6 21. Bd4 Nxe4 22. Nxe4 Rxe4 23. Bxg7 Kxg7 24. Rc4 Re5 25. Rcf4 Rf5 26. Qd4+ Kg8 27. Bg4 Rxf4 28. Rxf4 Bxg4 29. hxg4 Rc8 30. Qf6 Qxf6 31. Rxf6 Rd8 32. g5 Kg7 33. Rf2 Re8 34. Rc2 Re5 35. Rc7 Rxd5 36. Rxb7 Rxg5 37. Rb6 d5 38. b5 axb5 39. Rxb5 Re5 40. a4 Re1+ 41. Kf2 Ra1 42. Rb4 Kf6 43. Ke2 Ke5 44. g3 h5 45. Kd3 Ra3+ 46. Kc2 d4 47. Kb2 Rxg3 48. a5 Rc3 49. a6 Rc8 50. a7 Ra8 51. Rb7 d3 52. Re7+ Kd4 53. Rxf7 Ke3 54. Re7+ Kd2 55. Rg7 g5 56. Rxg5 Rxa7 57. Rxh5 Rb7+ 58. Ka3 Kc3 59. Ka4 d2 60. Rh3+ Kc2 61. Rh2 Kc1 62. Rh1+ d1Q+ 63. Rxd1+ Kxd1 0-1

[Event "Sao Paulo Schutt Cup 10th"]
[Site "Sao Paulo"]
[Date "2016.10.28"]
[Round "1"]
[White "De Castro, Andre Goncalves"]
[Black "Pessoa Sob, Caetano Estelita C"]
[Result "1-0"]
[WhiteElo "1744"]
[BlackElo "1201"]
[PlyCount "47"]
[EventDate "2016.10.28"]
[EventType "swiss"]
[EventRounds "6"]
[EventCountry "BRA"]
[SourceTitle "CBM 175 Extra"]
[Source "ChessBase"]
[SourceDate "2016.12.12"]
[SourceVersion "1"]
[SourceVersionDate "2016.12.12"]
[SourceQuality "1"]

1. e4 c5 2. Nf3 d6 3. Bb5+ Bd7 4. Bxd7+ Nxd7 5. 0-0 e5 6. c3 g6 7. d4 cxd4 8. cxd4 Bg7 9. Nc3 a6 10. Be3 Rc8 11. Qb3 Qb6 12. Qa3 exd4 13. Nd5 Qc5 14. Rac1 dxe3 15. Rxc5 exf2+ 16. Rxf2 Rxc5 17. b4 Rc4 18. b5 Ne5 19. Qxd6 Rc1+ 20. Rf1 Nxf3+ 21. gxf3 Bd4+ 22. Kg2 Rc2+ 23. Kh3 Bc5 24. Nc7# 1-0

[Event "Sao Paulo Schutt Cup 10th"]
[Site "Sao Paulo"]
[Date "2016.10.28"]
[Round "2"]
[White "Pessoa Sob, Caetano Estelita C"]
[Black "Sato, Claudio Takeshi"]
[Result "0-1"]
[WhiteElo "1201"]
[BlackElo "1476"]
[PlyCount "65"]
[EventDate "2016.10.28"]
[EventType "swiss"]
[EventRounds "6"]
[EventCountry "BRA"]
[SourceTitle "CBM 175 Extra"]
[Source "ChessBase"]
[SourceDate "2016.12.12"]
[SourceVersion "1"]
[SourceVersionDate "2016.12.12"]
[SourceQuality "1"]

1. d4 d5 2. c4 e6 3. Nf3 Nf6 4. Bg5 Nbd7 5. e3 Be7 6. Nc3 0-0 7. Qc2 h6 8. Bh4 c5 9. dxc5 dxc4 10. Ne4 Nxe4 11. Bxe7 Qxe7 12. Qxe4 Qxc5 13. Qxc4 Qb6 14. b4 Nf6 15. Be2 Bd7 16. 0-0 Rac8 17. Qd4 Rc6 18. Ne5 Qxd4 19. exd4 Rd6 20. Rfd1 Ba4 21. Rd2 Rfd8 22. Bd1 Be8 23. Bb3 Rxd4 24. Rxd4 Rxd4 25. a3 Nd7 26. Nxd7 Bxd7 27. Rd1 Rxd1+ 28. Bxd1 f5 29. a4 Kf7 30. f4 g5 31. g3 Kf6 32. b5 gxf4 33. gxf4 0-1

[Event "Sao Paulo Karman Cup 9th"]
[Site "Sao Paulo"]
[Date "2016.08.06"]
[Round "4"]
[White "Pessoa Sob, Caetano Estelita C"]
[Black "Vianna, Alessandro Ayres"]
[Result "0-1"]
[WhiteElo "1223"]
[BlackElo "1522"]
[PlyCount "124"]
[EventDate "2016.08.05"]
[EventType "swiss"]
[EventRounds "6"]
[EventCountry "BRA"]
[SourceTitle "CBM 174 Extra"]
[Source "ChessBase"]
[SourceDate "2016.10.10"]
[SourceVersion "1"]
[SourceVersionDate "2016.10.10"]
[SourceQuality "1"]

1. d4 d5 2. c4 c6 3. Nf3 Nf6 4. Nc3 e6 5. Bg5 Nbd7 6. cxd5 exd5 7. e3 Bd6 8. Be2 0-0 9. e4 dxe4 10. Nxe4 Be7 11. Nxf6+ Bxf6 12. Be3 Nb6 13. 0-0 Nd5 14. Qd2 Re8 15. Bg5 h6 16. Bxf6 Nxf6 17. Ne5 Rxe5 18. Bf3 Re6 19. Rac1 Rd6 20. Rc4 Be6 21. Ra4 Qd7 22. Qc3 a6 23. h3 Rd8 24. Rd1 Nd5 25. Qc1 Bxh3 26. Bxd5 Rxd5 27. gxh3 Rg5+ 28. Kh2 Qd6+ 29. f4 Re8 30. Qd2 Re4 31. Rf1 Rf5 32. Ra3 Rfxf4 33. Rxf4 Rxf4 34. Rg3 Rxd4 35. Qc3 Rd2+ 36. Kh1 Rd1+ 37. Kh2 Qd2+ 38. Rg2 Qxc3 39. bxc3 Rc1 40. Rd2 Rxc3 41. Rd8+ Kh7 42. Rd7 Rc2+ 43. Kg1 Rxa2 44. Rxb7 f6 45. Rb6 c5 46. Rc6 a5 47. Rxc5 a4 48. h4 a3 49. Ra5 Ra1+ 50. Kf2 a2 51. Ke2 Kg6 52. h5+ Kf7 53. Kd2 Ke6 54. Kc2 f5 55. Kb2 Rh1 56. Kxa2 Rxh5 57. Kb3 Rh4 58. Kc3 Kf6 59. Kd3 Re4 60. Ra1 g5 61. Rh1 Kg6 62. Rg1 g4 0-1

[Event "Sao Paulo Karman Cup 9th"]
[Site "Sao Paulo"]
[Date "2016.08.05"]
[Round "2"]
[White "Gabriel, Claudiomar"]
[Black "Pessoa Sob, Caetano Estelita C"]
[Result "1-0"]
[WhiteElo "1530"]
[BlackElo "1223"]
[PlyCount "99"]
[EventDate "2016.08.05"]
[EventType "swiss"]
[EventRounds "6"]
[EventCountry "BRA"]
[SourceTitle "CBM 174 Extra"]
[Source "ChessBase"]
[SourceDate "2016.10.10"]
[SourceVersion "1"]
[SourceVersionDate "2016.10.10"]
[SourceQuality "1"]

1. Nf3 Nf6 2. d3 d6 3. g3 h6 4. Bg2 Bf5 5. e4 Bg4 6. Nbd2 Nc6 7. h3 Bh5 8. b3 e5 9. Bb2 Be7 10. a3 0-0 11. 0-0 d5 12. Re1 Re8 13. g4 Bg6 14. Nxe5 Nxe5 15. Bxe5 Bxa3 16. Bxf6 Qxf6 17. Rxa3 Qc3 18. e5 Rxe5 19. Rxe5 Qxe5 20. Nf3 Qe7 21. Ra1 f6 22. Qe1 Qd6 23. Qa5 Qc6 24. Nh4 Bf7 25. c4 Qb6 26. Qxb6 cxb6 27. cxd5 Rd8 28. Nf5 Bg6 29. Ne7+ Kh7 30. Nxg6 Kxg6 31. Be4+ Kf7 32. Rxa7 Rd7 33. b4 Ke7 34. d6+ Kxd6 35. Rxb7 Rxb7 36. Bxb7 g5 37. b5 Kc5 38. Bc6 Kd4 39. Kg2 Kxd3 40. Kg3 Kd4 41. f4 Kc5 42. fxg5 hxg5 43. h4 Kd6 44. h5 Ke7 45. Kf3 Ke6 46. Ke4 f5+ 47. gxf5+ Kf6 48. h6 g4 49. Kf4 g3 50. Kxg3 1-0

[Event "BRA-ch Amateur U1800"]
[Site "Sao Paulo"]
[Date "2016.05.29"]
[Round "7"]
[White "Pessoa Sob, Caetano Estelita C"]
[Black "Da Rocha, Luiz C Cosenza Vie"]
[Result "0-1"]
[WhiteElo "1233"]
[BlackElo "1474"]
[PlyCount "110"]
[EventDate "2016.05.26"]
[EventType "swiss"]
[EventRounds "7"]
[EventCountry "BRA"]
[SourceTitle "EXT 2019"]
[Source "ChessBase"]
[SourceDate "2018.10.10"]
[SourceVersion "1"]
[SourceVersionDate "2018.10.10"]
[SourceQuality "1"]

1. d4 Nf6 2. c4 e6 3. Nc3 Bb4 4. Nf3 d6 5. Bd2 Nbd7 6. a3 Bxc3 7. Bxc3 Ne4 8. Qd3 Nxc3 9. Qxc3 Qe7 10. b4 e5 11. e4 exd4 12. Qxd4 0-0 13. Bd3 Qf6 14. 0-0 Qxd4 15. Nxd4 Re8 16. Rfe1 Nf6 17. Nb5 Re7 18. e5 dxe5 19. f4 e4 20. Be2 a6 21. Nc3 Bf5 22. h3 h6 23. Rad1 Rd7 24. Nd5 Nxd5 25. Rxd5 Rxd5 26. cxd5 Rd8 27. Rc1 Rd7 28. g4 Bh7 29. d6 c6 30. b5 axb5 31. Bxb5 Rxd6 32. f5 f6 33. Bc4+ Kf8 34. Re1 Rd4 35. Be6 Bg8 36. Bc8 b5 37. Be6 Bxe6 38. fxe6 Ke7 39. Rb1 Rd6 40. a4 bxa4 41. Rb7+ Kxe6 42. Rxg7 a3 43. Kf2 Rd7 44. Rg8 Ra7 45. Re8+ Kd5 46. Rd8+ Kc4 47. Rd1 a2 48. Ra1 Kb3 49. Ke3 Kb2 50. Rf1 a1Q 51. Rxa1 Kxa1 52. Kxe4 Ra5 53. h4 Kb2 54. Kf4 Kc3 55. Ke4 Kd2 0-1

[Event "BRA-ch Amateur U1800"]
[Site "Sao Paulo"]
[Date "2016.05.28"]
[Round "6"]
[White "Kikuchi Cadilhac, Mariana Sawae"]
[Black "Pessoa Sob, Caetano Estelita C"]
[Result "1/2-1/2"]
[WhiteElo "1502"]
[BlackElo "1233"]
[PlyCount "73"]
[EventDate "2016.05.26"]
[EventType "swiss"]
[EventRounds "7"]
[EventCountry "BRA"]
[SourceTitle "EXT 2019"]
[Source "ChessBase"]
[SourceDate "2018.10.10"]
[SourceVersion "1"]
[SourceVersionDate "2018.10.10"]
[SourceQuality "1"]

1. e4 c5 2. Nc3 Nc6 3. g3 g6 4. Bg2 Bg7 5. d3 d6 6. f4 e6 7. Nf3 Nge7 8. 0-0 0-0 9. Be3 Nd4 10. Rb1 Nec6 11. Ne2 Nxe2+ 12. Qxe2 Rb8 13. Kh1 Qa5 14. a3 Nd4 15. Nxd4 cxd4 16. Bd2 Qc7 17. Bb4 a5 18. Be1 Bd7 19. Qd2 Rfc8 20. Rf2 Ra8 21. Re2 Qb6 22. Bf2 Rc7 23. c4 Qb3 24. Qd1 Ba4 25. Qxb3 Bxb3 26. Bf3 f5 27. exf5 exf5 28. Rc1 Rd8 29. Re6 b5 30. Bd5 Kf8 31. Ree1 bxc4 32. dxc4 Rc5 33. Be6 d5 34. Bxd5 Rcxd5 35. cxd5 Bxd5+ 36. Kg1 Be4 37. Rcd1 1/2-1/2

[Event "BRA-ch Amateur U1800"]
[Site "Sao Paulo"]
[Date "2016.05.27"]
[Round "3"]
[White "Pessoa Sob, Caetano Estelita C"]
[Black "Farias, Sergio Luiz Cardoso"]
[Result "1-0"]
[WhiteElo "1233"]
[BlackElo "1625"]
[PlyCount "109"]
[EventDate "2016.05.26"]
[EventType "swiss"]
[EventRounds "7"]
[EventCountry "BRA"]
[SourceTitle "EXT 2019"]
[Source "ChessBase"]
[SourceDate "2018.10.10"]
[SourceVersion "1"]
[SourceVersionDate "2018.10.10"]
[SourceQuality "1"]

1. d4 Nf6 2. c4 c6 3. Nc3 d5 4. Nf3 Bf5 5. e3 Nbd7 6. cxd5 cxd5 7. Bb5 a6 8. Bd3 Bg4 9. e4 e5 10. Bg5 exd4 11. Nxd5 Qa5+ 12. Bd2 Qd8 13. Rc1 Nxd5 14. exd5 Ne5 15. Be4 f5 16. Qa4+ b5 17. Qxd4 Nxf3+ 18. Bxf3 Bxf3 19. Qe5+ Qe7 20. Qxe7+ Bxe7 21. gxf3 0-0 22. Bf4 Bb4+ 23. Kf1 Rf7 24. Kg2 Rd7 25. Rhd1 Bd6 26. Bxd6 Rxd6 27. Rc6 Rxc6 28. dxc6 Rc8 29. Rc1 Kf7 30. c7 Ke7 31. Rc6 Kd7 32. Rxa6 Rxc7 33. Rb6 g6 34. Rxb5 Ke6 35. f4 Ra7 36. a3 h6 37. h4 Ra4 38. Rb6+ Kf7 39. h5 gxh5 40. Rxh6 Rxf4 41. Rxh5 Ke6 42. Kg3 Ra4 43. Rh4 Ra8 44. Rh6+ Ke5 45. f4+ Kd5 46. Rf6 Ke4 47. Re6+ Kd4 48. Re5 Rf8 49. b4 Ra8 50. Ra5 Rf8 51. a4 Ke4 52. Re5+ Kd4 53. a5 Kc4 54. b5 Kb4 55. b6 1-0

[Event "BRA-ch Amateur U1800"]
[Site "Sao Paulo"]
[Date "2016.05.27"]
[Round "4"]
[White "Santos, Jose Antonio Dos"]
[Black "Pessoa Sob, Caetano Estelita C"]
[Result "1-0"]
[WhiteElo "1714"]
[BlackElo "1233"]
[PlyCount "59"]
[EventDate "2016.05.26"]
[EventType "swiss"]
[EventRounds "7"]
[EventCountry "BRA"]
[SourceTitle "EXT 2019"]
[Source "ChessBase"]
[SourceDate "2018.10.10"]
[SourceVersion "1"]
[SourceVersionDate "2018.10.10"]
[SourceQuality "1"]

1. d4 Nf6 2. Nf3 d5 3. e3 e6 4. Bd3 h6 5. 0-0 Be7 6. Nbd2 0-0 7. b3 Nbd7 8. Bb2 c6 9. Ne5 Bd6 10. f4 Nxe5 11. fxe5 Nh7 12. exd6 Qxd6 13. a4 f5 14. Ba3 Qd8 15. Bxf8 Qxf8 16. Rf2 Qf6 17. Nf3 Ng5 18. Ne5 Nf7 19. Nxf7 Kxf7 20. Qe2 g5 21. Raf1 Kg6 22. c3 h5 23. e4 g4 24. exf5+ exf5 25. Qe8+ Kg7 26. Qxh5 Bd7 27. Bxf5 Be8 28. Qxg4+ Bg6 29. Bxg6 Qxg6 30. Rf7+ 1-0

[Event "BRA-ch Amateur U1800"]
[Site "Sao Paulo"]
[Date "2016.05.26"]
[Round "1"]
[White "Pessoa Sob, Caetano Estelita C"]
[Black "Lacerda, Vinicius"]
[Result "0-1"]
[WhiteElo "1233"]
[BlackElo "1729"]
[PlyCount "52"]
[EventDate "2016.05.26"]
[EventType "swiss"]
[EventRounds "7"]
[EventCountry "BRA"]
[SourceTitle "EXT 2019"]
[Source "ChessBase"]
[SourceDate "2018.10.10"]
[SourceVersion "1"]
[SourceVersionDate "2018.10.10"]
[SourceQuality "1"]

1. d4 Nf6 2. c4 g6 3. Nc3 Bg7 4. Nf3 0-0 5. e3 d6 6. Be2 Na6 7. 0-0 c5 8. a3 cxd4 9. exd4 Bd7 10. b4 Nc7 11. Bb2 a6 12. h3 b5 13. cxb5 Nxb5 14. Rc1 Qb6 15. Na4 Qb7 16. Re1 Rfe8 17. Bd3 a5 18. Bxb5 Bxb5 19. Nc3 Bc6 20. Qd3 axb4 21. axb4 Qxb4 22. Rb1 Bxf3 23. gxf3 Rac8 24. Ne4 Nd5 25. Bc1 Qxe1+ 26. Kg2 Rxc1 0-1

[Event "Sao Paulo Salles Cup 7th"]
[Site "Sao Paulo"]
[Date "2016.03.20"]
[Round "6"]
[White "Caribe Santos, Luiz Carlos"]
[Black "Pessoa Sob, Caetano Estelita C"]
[Result "1-0"]
[WhiteElo "1548"]
[BlackElo "1800"]
[PlyCount "89"]
[EventDate "2016.03.18"]
[EventType "swiss"]
[EventRounds "6"]
[EventCountry "BRA"]
[SourceTitle "CBM 171 Extra"]
[Source "ChessBase"]
[SourceDate "2016.04.26"]
[SourceVersion "1"]
[SourceVersionDate "2016.04.26"]
[SourceQuality "1"]

1. d4 Nf6 2. c4 e6 3. Nc3 d5 4. Nf3 c5 5. cxd5 exd5 6. e3 a6 7. a4 b6 8. Qb3 Bb7 9. Qc2 Be7 10. b3 0-0 11. Bd3 g6 12. 0-0 Nc6 13. Ba3 Re8 14. Ne2 Rc8 15. dxc5 bxc5 16. Bb2 Nb4 17. Qc3 Nxd3 18. Qxd3 c4 19. bxc4 dxc4 20. Qc3 Bxf3 21. gxf3 Bf8 22. Qxf6 Qxf6 23. Bxf6 Bg7 24. Bxg7 Kxg7 25. Rfc1 Re5 26. Rc3 h5 27. f4 Rec5 28. h4 Kh6 29. Rb1 a5 30. Nd4 Rd5 31. Rbc1 f6 32. Rxc4 Rxc4 33. Rxc4 g5 34. fxg5+ fxg5 35. Rc6+ Kh7 36. hxg5 Rxg5+ 37. Kh2 h4 38. Kh3 Rg1 39. Kxh4 Rh1+ 40. Kg3 Rg1+ 41. Kf4 Ra1 42. Rc4 Kg6 43. Nb3 Ra2 44. f3 Rh2 45. Nxa5 1-0